[Event "Teusaquillo Rapid op"]
[Site "Teusaquillo"]
[Date "2023.03.05"]
[Round "6"]
[White "Rangel, Carlos"]
[Black "Ladino Hernandez, Angel Joel"]
[Result "1-0"]
[WhiteElo "1964"]
[BlackElo "1201"]
[PlyCount "65"]
[EventDate "2023.03.04"]
[EventType "swiss (rapid)"]
[EventRounds "9"]
[EventCountry "COL"]
[SourceTitle "CBM 213 Extra"]
[Source "ChessBase"]
[SourceDate "2023.05.31"]
[SourceVersion "1"]
[SourceVersionDate "2023.05.31"]
[SourceQuality "1"]

1. e4 c6 2. d4 d5 3. e5 Bf5 4. g4 Bd7 5. c4 e6 6. a3 a5 7. Nc3 Ne7 8. Nf3 g6 9. Bg5 Bg7 10. Qd2 h6 11. Be3 h5 12. gxh5 Rxh5 13. Bg5 Qc7 14. Bxe7 Kxe7 15. Ng5 Bxe5 16. dxe5 Qxe5+ 17. Be2 Rxg5 18. f4 Qf5 19. fxg5 Na6 20. Rf1 Qh3 21. Qf4 Rf8 22. 0-0-0 Nc5 23. Qf6+ Ke8 24. Rf2 Qe3+ 25. Kc2 e5 26. Rf3 Bf5+ 27. Rxf5 gxf5 28. cxd5 cxd5 29. Bb5+ Nd7 30. Nxd5 Qc5+ 31. Nc3 Qxb5 32. Nxb5 Nxf6 33. gxf6 1-0

[Event "Ibague Blitz op"]
[Site "Ibague"]
[Date "2022.10.08"]
[Round "7"]
[White "Cajamarca Gordillo, Sebastian Alejandro"]
[Black "Ladino Hernandez, Angel Joel"]
[Result "1-0"]
[WhiteElo "1713"]
[BlackElo "1360"]
[PlyCount "123"]
[EventDate "2022.10.08"]
[EventType "swiss (blitz)"]
[EventRounds "9"]
[EventCountry "COL"]
[SourceTitle "CBM 210 Extra"]
[Source "ChessBase"]
[SourceDate "2022.11.30"]
[SourceVersion "1"]
[SourceVersionDate "2022.11.30"]
[SourceQuality "1"]

1. d4 d5 2. c4 e6 3. Nc3 Nf6 4. cxd5 exd5 5. Bg5 Be7 6. e3 c5 7. dxc5 Bxc5 8. Bxf6 Qxf6 9. Qxd5 Be7 10. Bb5+ Nc6 11. Bxc6+ bxc6 12. Qd2 Bd7 13. Nf3 0-0 14. Qxd7 Rfd8 15. Qg4 Rab8 16. 0-0 Rxb2 17. Ne4 Qh6 18. Rad1 Rxd1 19. Rxd1 g6 20. Ng3 Qg7 21. h3 Qc3 22. Nh4 Rb4 23. Qc8+ Kg7 24. Nf3 Qc2 25. Qd7 Bf6 26. Rf1 Rb2 27. Qg4 Kf8 28. e4 Qc3 29. Qc8+ Kg7 30. Qg4 Kf8 31. Rd1 Qc2 32. Rf1 Rxa2 33. e5 Be7 34. Qc8+ Kg7 35. Qd7 Bc5 36. Kh1 Bxf2 37. Qg4 Bxg3 38. Qxg3 Qe2 39. Rg1 Rb2 40. Nh4 Qe4 41. Nf3 Rb3 42. Qg4 Qe3 43. Qd4 Qxd4 44. Nxd4 Rc3 45. Rf1 c5 46. Nf3 Re3 47. Ng5 Rxe5 48. Nxf7 Re7 49. Nd6 Rd7 50. Nc4 Rd4 51. Ne5 a5 52. Nc6 Ra4 53. Rc1 c4 54. Ne5 Rb4 55. Nxc4 a4 56. Ne3 a3 57. Ra1 Kf6 58. Nd5+ Ke5 59. Nxb4 Kd4 60. Nc2+ Kc3 61. Nxa3 Kb2 62. Rf1 1-0

[Event "Pereira Fiestas de la Cosecha"]
[Site "Pereira"]
[Date "2022.08.24"]
[Round "1"]
[White "Garzon Camelo, Andres Santiago"]
[Black "Ladino Hernandez, Angel Joel"]
[Result "1-0"]
[WhiteElo "1824"]
[BlackElo "1235"]
[PlyCount "53"]
[EventDate "2022.08.24"]
[EventType "swiss"]
[EventRounds "10"]
[EventCountry "COL"]
[SourceTitle "CBM 210 Extra"]
[Source "ChessBase"]
[SourceDate "2022.11.30"]
[SourceVersion "1"]
[SourceVersionDate "2022.11.30"]
[SourceQuality "1"]

1. e4 c5 2. Nf3 d6 3. c3 Nf6 4. h3 Nbd7 5. Bd3 e6 6. Bc2 Be7 7. d4 cxd4 8. cxd4 e5 9. Nc3 b6 10. 0-0 Bb7 11. Nh4 Rc8 12. Re1 Qc7 13. Nf5 g6 14. dxe5 Nxe5 15. Nxe7 Qxe7 16. Bh6 Nh5 17. g4 Qh4 18. Re3 Nc4 19. gxh5 Nxe3 20. Bxe3 gxh5 21. Qxd6 Rg8+ 22. Kh2 Rc6 23. Ba4 Rg6 24. Qb8+ Bc8 25. Qxc8+ Ke7 26. Bxc6 Qf6 27. Nd5+ 1-0

[Event "Bogota El Tablazo op-B"]
[Site "Bogota"]
[Date "2022.06.27"]
[Round "6.30"]
[White "Ladino Hernandez, Angel Joel"]
[Black "Cifuentes Rincon, Angelo Steven"]
[Result "1/2-1/2"]
[WhiteElo "1151"]
[BlackElo "1509"]
[PlyCount "182"]
[EventDate "2022.06.24"]
[EventType "swiss"]
[EventRounds "7"]
[EventCountry "COL"]
[SourceTitle "EXT 2024"]
[Source "ChessBase"]
[SourceDate "2023.10.10"]
[SourceVersion "1"]
[SourceVersionDate "2023.10.10"]
[SourceQuality "1"]

1. e4 c6 2. d4 d5 3. exd5 cxd5 4. c4 Nf6 5. Nc3 e6 6. Nf3 Bb4 7. Bd2 Nc6 8. Bd3 dxc4 9. Bxc4 0-0 10. a3 Bxc3 11. Bxc3 b6 12. 0-0 Bb7 13. Bb3 Rc8 14. Bc2 Ne7 15. Qd3 Qd5 16. Bb4 Rfe8 17. Bb3 Qh5 18. Ba4 Be4 19. Qe2 b5 20. Bxe7 Rxe7 21. Bd1 Rec7 22. Ne5 Qg5 23. f4 Qh4 24. g4 Rc2 25. Bxc2 Rxc2 26. Qxc2 Bxc2 27. Rac1 Qh3 28. Rxc2 Qe3+ 29. Rff2 Qe1+ 30. Rf1 Qe3+ 31. Rff2 h5 32. g5 Ng4 33. Nxg4 hxg4 34. Rcd2 Qe1+ 35. Kg2 Qe4+ 36. Kg1 Qe3 37. Kg2 Qe4+ 38. Kg1 Qe3 39. Kf1 Qh3+ 40. Kg1 g3 41. hxg3 Qxg3+ 42. Kf1 Qh3+ 43. Kg1 Qb3 44. Kh1 Qh3+ 45. Kg1 Qb3 46. Kh1 a5 47. Kg1 Qg3+ 48. Kh1 Qb3 49. Kg1 b4 50. axb4 Qxb4 51. Kf1 Qc4+ 52. Kg1 Qc1+ 53. Kg2 Qc6+ 54. Kf1 Qh1+ 55. Ke2 Qe4+ 56. Kf1 f6 57. gxf6 gxf6 58. Kg1 Qe1+ 59. Kg2 Qe4+ 60. Kg1 Kf7 61. Kf1 Qh1+ 62. Ke2 Qe4+ 63. Kf1 Ke7 64. Kg1 Qb1+ 65. Kg2 Qe4+ 66. Kg1 Kd6 67. Kf1 Qb1+ 68. Kg2 Qe4+ 69. Kf1 Kd5 70. Kg1 Qb1+ 71. Kg2 Qe4+ 72. Kf1 a4 73. Kg1 Kc4 74. Kf1 Qb1+ 75. Ke2 Qe4+ 76. Kd1 a3 77. bxa3 Qb1+ 78. Ke2 Qe4+ 79. Kd1 Kc3 80. Rc2+ Kb3 81. Rb2+ Ka4 82. Rbd2 Kxa3 83. Ra2+ Kb3 84. Rfb2+ Kc3 85. Rc2+ Kb3 86. Rab2+ Ka3 87. Ra2+ Kb4 88. Rab2+ Ka5 89. Ra2+ Kb6 90. Rab2+ Ka7 91. Ra2+ Kb8 1/2-1/2